The travelling cat chronicles /
Nana is on a road trip, but he is not sure where he is going. All that matters is that he can sit beside his beloved owner Satoru in the front seat of his silver van. Satoru is keen to visit three old friends from his youth, though Nana doesn't know why and Satoru won't say. Set against th...
| Main Author: | |
|---|---|
| Other Authors: | |
| Format: | Book |
| Language: | English Japanese |
| Published: |
London :
Doubleday,
2017 [reissued 2019].
|
| Subjects: | |
| Classic Catalogue: | View this record in Classic Catalogue |
| LEADER | 02260nam a22004215i 4500 | ||
|---|---|---|---|
| 001 | 45121 | ||
| 003 | BD-DhAAL | ||
| 005 | 20251125135956.0 | ||
| 008 | 251125r20192017enka 000 1 eng d | ||
| 010 | |a 2017492495 | ||
| 020 | |a 9780857524195 | ||
| 020 | |a 9780857524188 | ||
| 020 | |a 9780857524195 | ||
| 035 | |a 20393665 | ||
| 040 | |a DLC |b eng |e rda |c DLC |d BD-DhAAL | ||
| 041 | 1 | |a eng |h jpn | |
| 042 | |a pcc | ||
| 050 | 0 | 0 | |a PL867.5.R54 |b T73 2017 |
| 082 | |a 895.636 |2 23 | ||
| 100 | 1 | |a Arikawa, Hiro, |d 1972- |e author. |9 59903 | |
| 245 | 1 | 4 | |a The travelling cat chronicles / |c Hiro Arikawa ; translated from the Japanese by Philip Gabriel. |
| 260 | |a London : |b Doubleday, |c 2017 [reissued 2019]. | ||
| 300 | |a 246 pages : |b illustrations ; |c 21 cm | ||
| 500 | |a First published in Japan in 2015. | ||
| 520 | |a Nana is on a road trip, but he is not sure where he is going. All that matters is that he can sit beside his beloved owner Satoru in the front seat of his silver van. Satoru is keen to visit three old friends from his youth, though Nana doesn't know why and Satoru won't say. Set against the backdrop of Japan's changing seasons and narrated with a rare gentleness and striking humour, Nana's story explores the wonder and thrill of life's unexpected detours. It is about the value of friendship and solitude, and knowing when to give and when to take. | ||
| 541 | 1 | |a Donated by Farhana Zahir, Assistant Professor, BRAC Business School, BRAC University |e 45121 | |
| 546 | |a Translated from the Japanese. | ||
| 650 | 0 | |a Human-animal relationships |v Fiction. | |
| 650 | 0 | |a Cats |v Fiction. |9 58685 | |
| 650 | 0 | |a Automobile travel |v Fiction. |9 59904 | |
| 650 | 0 | |a Solitude |v Fiction. | |
| 651 | 0 | |a Japan |v Fiction. | |
| 655 | 7 | |a Fiction. |2 lcgft | |
| 700 | 1 | |a Gabriel, Philip, |d 1953- |e translator. |9 58839 | |
| 852 | 1 | |a Ayesha Abed Library |c General Stacks | |
| 942 | |2 ddc |c BK | ||
| 999 | |c 47656 |d 47656 | ||
| 952 | |0 0 |1 0 |2 ddc |4 0 |6 895_636000000000000_ARI |7 0 |9 78543 |a BRACUL |b BRACUL |c NEW |d 2025-11-25 |e Donated by Farhana Zahir, Assistant Professor, BRAC Business School, BRAC University |l 5 |m 15 |o 895.636 ARI |p 3010045121 |q 2026-06-02 |r 2026-05-17 |s 2026-05-17 |t 1 |w 2025-11-25 |y BK |x Donated by Farhana Zahir, Assistant Professor, BRAC Business School, BRAC University | ||